[Event "FRA-chT4 1415"]
[Site "Champagne Ardennes"]
[Date "2014.11.16"]
[Round "2"]
[White "Hacene, Ahmed"]
[Black "Roule, Nicolas"]
[Result "1-0"]
[WhiteElo "1763"]
[BlackElo "1628"]
[PlyCount "59"]
[EventDate "2014.10.16"]
[EventType "team-tourn"]
[EventRounds "7"]
[EventCountry "FRA"]
[SourceTitle "EXT 2024"]
[Source "ChessBase"]
[SourceDate "2023.10.10"]
[SourceVersion "1"]
[SourceVersionDate "2023.10.10"]
[SourceQuality "1"]

1. e4 c6 2. d4 d5 3. e5 Bf5 4. f4 e6 5. Nf3 Nd7 6. Bd3 Nh6 7. 0-0 Be7 8. c3 Qc7 9. Ng5 Bg6 10. h3 f6 11. Nxe6 Qb6 12. f5 Bf7 13. Nxg7+ Kf8 14. Bxh6 Nxe5 15. Kh1 Qxb2 16. dxe5 Qxa1 17. Qb3 d4 18. e6 Be8 19. Qd1 Bd6 20. Nxe8+ Kxe8 21. Qh5+ Kd8 22. Bg7 Rg8 23. Bxf6+ Kc7 24. Qf7+ Kb6 25. Nd2 Qxc3 26. Rb1+ Ka5 27. Nc4+ Ka4 28. Bf1 Qc2 29. Qxb7 a6 30. Qxc6# 1-0

[Event "FRA-chT4 1314"]
[Site "Champagne Ardennes"]
[Date "2014.04.06"]
[Round "7"]
[White "Roule, Nicolas"]
[Black "Raulet, Alain"]
[Result "0-1"]
[WhiteElo "1640"]
[BlackElo "1912"]
[PlyCount "132"]
[EventDate "2013.10.25"]
[EventType "team-tourn"]
[EventRounds "7"]
[EventCountry "FRA"]
[SourceTitle "EXT 2024"]
[Source "ChessBase"]
[SourceDate "2023.10.10"]
[SourceVersion "1"]
[SourceVersionDate "2023.10.10"]
[SourceQuality "1"]

1. d4 Nf6 2. c4 e6 3. Nf3 b6 4. g3 Bb7 5. Bg2 Be7 6. Nc3 0-0 7. 0-0 d5 8. cxd5 exd5 9. Bd2 Nbd7 10. e3 c5 11. Rc1 Rc8 12. b3 Ne4 13. Be1 f5 14. Nxe4 dxe4 15. Nd2 cxd4 16. exd4 Nf6 17. Nc4 b5 18. Ne3 Rxc1 19. Qxc1 Nd5 20. Nxd5 Qxd5 21. Bc3 Bf6 22. Rd1 Rc8 23. Qe3 h6 24. Qd2 Bg5 25. Qb2 Qf7 26. Bd2 Bf6 27. Be3 Bd5 28. Rc1 Rd8 29. Bf1 a6 30. Qc2 Bb7 31. Qb2 Rd5 32. a4 Qd7 33. axb5 axb5 34. Qc3 Kh7 35. Qc7 b4 36. Qxd7 Rxd7 37. Rd1 g5 38. Bc4 Be5 39. Be2 Bd6 40. Kg2 f4 41. Bg4 Re7 42. Bc1 Bd5 43. Re1 Kg7 44. Bd1 Kf6 45. Kf1 f3 46. Bd2 Ra7 47. Be3 Ra3 48. Bc1 Ra7 49. Be3 h5 50. h4 gxh4 51. gxh4 Kf5 52. Kg1 Kg4 53. Kh1 Kf5 54. Rg1 Ra1 55. Bc2 Rxg1+ 56. Kxg1 Be7 57. Bh6 Kg4 58. Be3 Kxh4 59. Kh1 Kg4 60. Bd1 Kf5 61. Kh2 Kg4 62. Kh1 Kh3 63. Bc2 Bd6 64. Bd1 Bc6 65. Bc2 Bh2 66. Bd1 Bb5 0-1